| 000 -ლიდერი |
| ფიქსირებული სიგრძის საკონტროლო ველი |
01911nam a2200325Ia 4500 |
| 001 - საკონტროლო ნომერი |
| საკონტროლო ველი |
21164 |
| 003 - საკონტროლო ნომრის იდენტიფიკატორი |
| საკონტროლო ველი |
GE_BSU |
| 005 - ბოლო ოპერაციის თარიღი და დრო |
| საკონტროლო ველი |
20210714182403.0 |
| 008 - ფიქსირებული სიგრძის მონაცემთა ელემენტები - ზოგადი ინფორმაცია |
| ფიქსირებული სიგრძის საკონტროლო ველი |
181216s2017||||ge |||||||||||||| ||geo|| |
| 020 ## - წიგნის საერთაშორისო სტანდარტული ნომერი |
| International Standard Book Number |
9789941246128 |
| 040 ## - კატალოგიზაციის წყარო |
| Transcribing agency |
GE_BSU |
| 041 ## - ენის კოდი |
| Language code of text/sound track or separate title |
geo |
| 080 ## - უნივერსალური ათობითი კლასიფიკაციის ინდექსი |
| Universal Decimal Classification number |
339.138 ჩ-56 |
| 100 ## - მთავარი ჩანაწერი - პიროვნების სახელი |
| Personal name |
ჩიარავალე, ბილ |
| 9 (RLIN) |
12266 |
| 245 ## - ცნობა სათაურის შესახებ |
| Title |
ბრენდინგი მარტივად / |
| Statement of responsibility, etc |
ბილ ჩიარავალე, ბარბარა ფინდელი ჩენქი ; მთარგმნელი მაია ვასაძე ; რედ. : ნატალია ჩიმაკაძე, ზურაბ აბაშიძე ; დიზაინერ თეკლა გიაშვილი. |
| 264 ## - წარმოების, გამოცემის, დისტრიბუციის და სხვა ცნობები |
| გამოცემის, წარმოების, დისტრიბუციის... ადგილი |
თბილისი : |
| გამოცემის, წარმოების, დისტრიბუციის... სახელწოდება |
პალიტრა L, |
| გამოცემის, წარმოების, დისტრიბუციის... თარიღი |
2017. |
| 300 ## - ფიზიკური აღწერა |
| Extent |
402 გვ. ; |
| Dimensions |
23 სმ. |
| 490 ## - სერიის ცნობა |
| Series statement |
წარმატების ბიბლიოთეკა-ლურჯი ოკეანე |
| 500 ## - ზოგადი შენიშვნა |
| General note |
ბრენდინგი დღეს აქტუალური თემაა და აი, რატომ : იგი გზას უკვალავს მარკეტინგის წარმატებას |
| 653 ## - INDEX TERM--UNCONTROLLED |
| Uncontrolled term |
ბრენდინგი მარტივად |
| 653 ## - INDEX TERM--UNCONTROLLED |
| Uncontrolled term |
ეკონომიკა |
| 653 ## - INDEX TERM--UNCONTROLLED |
| Uncontrolled term |
მარკეტინგი |
| 700 ## - ADDED ENTRY--PERSONAL NAME |
| Personal name |
ფინდელი ჩენქი, ბარბარა |
| Relator term |
ავტორი |
| 9 (RLIN) |
12267 |
| 700 ## - ADDED ENTRY--PERSONAL NAME |
| Personal name |
ვასაძე, მაია |
| Relator term |
მთარგმნელი |
| 9 (RLIN) |
12263 |
| 700 ## - ADDED ENTRY--PERSONAL NAME |
| Personal name |
ჩიმაკაძე, ნატალია |
| Relator term |
რედაქტორი |
| 9 (RLIN) |
12268 |
| 700 ## - ADDED ENTRY--PERSONAL NAME |
| Personal name |
აბაშიძე, ზურაბ |
| Relator term |
რედაქტორი |
| 9 (RLIN) |
1322 |
| 700 ## - ADDED ENTRY--PERSONAL NAME |
| Personal name |
გიაშვილი, თეკლა |
| Relator term |
დიზაინერი |
| 9 (RLIN) |
12269 |
| 942 ## - ADDED ENTRY ELEMENTS (KOHA) |
| Koha item type |
წიგნი |
| Source of classification or shelving scheme |
|